00463nas a2200181 a 4500001001000000003000400010005001700014008004100031040001800072043000900090245001700099260004700116300001700163310001500180362003500195651003400230999001700264000037428DLC20200930080350.0120416c20109999dr qr1pdd 0 0spa d aDO-SdBNPbspa anwdr00aImpresiones. aSanto Domingo :bLibrería Cuesta,c2010. av. ;c30 cm. aTrimestral avolumen II, (Enero/Marzo 2010) 4aRepública Dominicana910483 c36918d36918